| 000 | 00908cam a2200277 i 4500 | ||
|---|---|---|---|
| 999 |
_c200442298 _d60510 |
||
| 003 | TR-AnTOB | ||
| 005 | 20230825152138.0 | ||
| 007 | ta | ||
| 008 | 041013s1990 tu a b 000 0 tur d | ||
| 040 |
_aTR-AnTOB _beng _erda _cTR-AnTOB |
||
| 041 | 0 | _atur | |
| 050 | 4 |
_bHD9866.T92 _aT45 1990 |
|
| 090 |
_aHD9866.T92 _bT45 1990 |
||
| 245 | 0 | 0 |
_aTekstil ve konfeksiyon sektörümüzle ilgili kısa bilgiler / _chazırlayan Bekir Gülal. |
| 264 | 1 |
_a[Ankara] : _bT.C. Başbakanlık Hazine ve Dış Ticaret Müsteşarlığı, _c1990. |
|
| 300 |
_a42 pages : _billustrations ; _c24 cm |
||
| 336 |
_2rdacontent _atext _btxt |
||
| 337 |
_2rdamedia _aunmediated _bn |
||
| 338 |
_2rdacarrier _avolume _bnc |
||
| 504 | _aBIB | ||
| 650 | 7 |
_aTekstil endüstrisi _zTürkiye _2etuturkob _920488 |
|
| 700 | 1 |
_aGülal, Bekir _eeditor _9139139 |
|
| 942 |
_2lcc _cBK |
||